[Event "IECC TH-M email"]
[Site "IECC email"]
[Date "2002.08.16"]
[Round "?"]
[White "Loh, Basil"]
[Black "Landowski, Wieslaw"]
[Result "1-0"]
[WhiteElo "1209"]
[BlackElo "1315"]
[PlyCount "37"]
[EventDate "2002.??.??"]
[EventType "match (corr)"]
[EventRounds "2"]
[SourceTitle "Corr 2008"]
[Source "ChessBase"]
[SourceDate "2008.06.24"]
[SourceVersion "1"]
[SourceVersionDate "2008.06.24"]
[SourceQuality "1"]

1. d4 Nf6 2. Bg5 d5 3. c4 Nc6 4. cxd5 Qxd5 5. Bxf6 exf6 6. Nf3 Bb4+ 7. Nc3 0-0 8. Qa4 b5 9. 0-0-0 Bxc3 10. e4 bxa4 11. exd5 Bxb2+ 12. Kxb2 Rb8+ 13. Ka3 Ne7 14. Bc4 Rd8 15. Rhe1 Nf5 16. Kxa4 Nd6 17. Rc1 Nxc4 18. Rxc4 Rxd5 19. Re8# 1-0

[Event "IECC TH-M email"]
[Site "IECC email"]
[Date "1999.11.16"]
[Round "?"]
[White "Wallace, Richard"]
[Black "Loh, Basil"]
[Result "0-1"]
[WhiteElo "679"]
[BlackElo "1259"]
[PlyCount "40"]
[EventDate "1999.??.??"]
[EventType "match (corr)"]
[EventRounds "2"]
[SourceTitle "Corr 2008"]
[Source "ChessBase"]
[SourceDate "2008.06.24"]
[SourceVersion "1"]
[SourceVersionDate "2008.06.24"]
[SourceQuality "1"]

1. d4 Nf6 2. c4 g6 3. Nc3 d5 4. cxd5 c6 5. g3 Qa5 6. Bf4 cxd5 7. Bg2 Ne4 8. Qd3 Bf5 9. g4 Nxf2 10. Kxf2 Bxd3 11. exd3 Qb6 12. Nf3 Bg7 13. Nxd5 Qxb2+ 14. Kg3 Na6 15. Rab1 Qxa2 16. Nc3 Qe6 17. Rbe1 Qc8 18. d5 Bxc3 19. Re5 Bxe5 20. Bxe5 f6 0-1

[Event "IECC TH-M email"]
[Site "IECC email"]
[Date "1999.06.07"]
[Round "?"]
[White "Wood, Brian P"]
[Black "Loh, Basil"]
[Result "1/2-1/2"]
[WhiteElo "1137"]
[BlackElo "1240"]
[PlyCount "49"]
[EventDate "1999.??.??"]
[EventType "match (corr)"]
[EventRounds "2"]
[SourceTitle "Corr 2008"]
[Source "ChessBase"]
[SourceDate "2008.06.24"]
[SourceVersion "1"]
[SourceVersionDate "2008.06.24"]
[SourceQuality "1"]

1. e4 e5 2. Nf3 Nc6 3. Bb5 f5 4. Nc3 fxe4 5. Nxe4 d5 6. Bxc6+ bxc6 7. Ng3 e4 8. Nd4 Qf6 9. Nb3 Ba6 10. d3 Bd6 11. 0-0 exd3 12. Re1+ Ne7 13. cxd3 0-0 14. Be3 Qxb2 15. Qd2 Qf6 16. Bd4 Qh4 17. Be5 Bxe5 18. Rxe5 Qf6 19. d4 Rae8 20. Nc5 Bc8 21. Rae1 a5 22. f3 Rf7 23. Qg5 Qxg5 24. Rxg5 h6 25. Rge5 1/2-1/2

[Event "IECC M email"]
[Site "IECC email"]
[Date "1998.11.07"]
[Round "?"]
[White "Humen, John F"]
[Black "Loh, Basil"]
[Result "1-0"]
[WhiteElo "1415"]
[BlackElo "1300"]
[PlyCount "37"]
[EventDate "1998.??.??"]
[EventType "tourn (corr)"]
[EventRounds "12"]
[SourceTitle "Corr 2008"]
[Source "ChessBase"]
[SourceDate "2008.06.24"]
[SourceVersion "1"]
[SourceVersionDate "2008.06.24"]
[SourceQuality "1"]

1. d4 Nf6 2. c4 e6 3. Nf3 c6 4. e3 d5 5. Nc3 Ne4 6. Bd2 Bd6 7. Bd3 Ng5 8. 0-0 Nxf3+ 9. Qxf3 Qh4 10. g3 Qh3 11. cxd5 cxd5 12. Nb5 Ke7 13. Nxd6 Kxd6 14. Bb4+ Kc7 15. Rac1+ Nc6 16. Qf4+ Kb6 17. Rxc6+ bxc6 18. Bc5+ Kb7 19. Qxf7+ 1-0

[Event "IECC M email"]
[Site "IECC email"]
[Date "1998.11.01"]
[Round "?"]
[White "Loh, Basil"]
[Black "Humen, John F"]
[Result "0-1"]
[WhiteElo "1289"]
[BlackElo "1438"]
[PlyCount "58"]
[EventDate "1998.??.??"]
[EventType "tourn (corr)"]
[EventRounds "12"]
[SourceTitle "Corr 2008"]
[Source "ChessBase"]
[SourceDate "2008.06.24"]
[SourceVersion "1"]
[SourceVersionDate "2008.06.24"]
[SourceQuality "1"]

1. f4 c5 2. e4 e6 3. Nf3 Nc6 4. c3 Nf6 5. e5 Nd5 6. d4 cxd4 7. cxd4 Be7 8. Ng5 0-0 9. Qh5 Bxg5 10. fxg5 Nxd4 11. Bd3 g6 12. Qh4 Qc7 13. Bf4 Nb4 14. 0-0 Nxd3 15. Nc3 Nf5 16. Qh3 Qc5+ 17. Kh1 Nf2+ 18. Rxf2 Qxf2 19. Ne4 Qh4 20. Nf6+ Kg7 21. Qxh4 Nxh4 22. Rd1 b6 23. Rd3 Bb7 24. Kg1 Nxg2 25. Rh3 Rh8 26. Bd2 Rac8 27. Rd3 Rc2 28. Bc3 Nh4 29. Rxd7 Nf3+ 0-1